Every Dale Coyne IndyCar/Cart/CCWS Driver Ever - Statistics

General Stats
  • This quiz has been taken 4 times
  • The average score is 51 of 95
Answer Stats
Nationality # of races Driver % Correct
Spain 14 Alex Palou
100%
Brazil 4 Cristiano da Matta
100%
USA 34 Dale Coyne
100%
UAE 33 Ed Jones
100%
UK 14 Jack Harvey
100%
UK 6 Mike Conway
100%
Canada 1 Paul Tracy
100%
Brazil 9 Pietro Fittipaldi
100%
Netherlands 17 Rinus Veekay
100%
France 22 Romain Grosjean
100%
France 51 Sebastien Bourdais
100%
Japan 17 Takuma Sato
100%
Canada 9 Zachary Claman DeMelo
100%
USA 6 Alex Barron
67%
Malaysia 4 Alex Yoong
67%
Brazil 30 Bruno Junqueira
67%
USA 7 Buddy Lazier
67%
Colombia 21 Carlos Huertas
67%
USA 3 Cody Ware
67%
USA 1 Colin Braun
67%
USA 19 Conor Daly
67%
UK 1 Darren Manning
67%
USA 34 David Malukas
67%
Norway 9 Dennis Hauger
67%
New Zealand 1 Hunter McElrea
67%
USA 16 Jacob Abel
67%
Australia 6 James Davison
67%
UK 31 James Jakes
67%
USA 5 Johnny Unser
67%
UK 69 Justin Wilson
67%
UK 21 Katherine Legge
67%
USA 1 Ken Johnson
67%
Italy 4 Luca Ghiotto
67%
Mexico 7 Mario Dominguez
67%
Mexico 56 Michel Jourdain Jr.
67%
Venezuela 16 Milka Duno
67%
Spain 16 Oriol Servia
67%
UK 14 Pippa Mann
67%
USA 3 RC Enerson
67%
USA 12 Robbie Buhl
67%
USA 1 Ryan Norman
67%
UK 1 Stefan Wilson
67%
USA 17 Sting Ray Robb
67%
Brazil 20 Tarso Marques
67%
UK 3 Toby Sowery
67%
France 13 Tristan Vautier
67%
UK 24 Alex Lloyd
33%
Brazil 2 Alex Sperafico
33%
Italy 25 Allesandro Zampedri
33%
Brazil 7 Ana Beatriz
33%
Germany 2 Andreas Wirth
33%
Germany 1 Andre Lotterer
33%
USA 2 Brian Bonner
33%
USA 2 Brian Till
33%
USA 3 Charlie Nearburg
33%
Germany 3 Christian Danner
33%
USA 15 Dean Hall
33%
USA 29 Dennis Vitolo
33%
USA 1 Dominic Dobson
33%
Belgium 24 Eric Bachelart
33%
Mexico 7 Esteban Gutierrez
33%
Italy 1 Flavio Ballabio
33%
Italy 5 Francesco Dracone
33%
Colombia 7 Gabby Chaves
33%
Argentina 9 Gaston Mazzacane
33%
USA 11 Geoff Boss
33%
Brazil 22 Gualter Salles
33%
Italy 6 Guido Dacco
33%
Japan 16 Hiro Matsushita
33%
Belgium 14 Jan Heylen
33%
Czech Republic 1 Jarek Janis
33%
USA 1 Jeff Wood
33%
Switzerland 7 Joel Camathias
33%
Italy 5 Luca Filippi
33%
Brazil 9 Luiz Garcia Jr.
33%
Brazil 17 Mario Moraes
33%
Italy 1 Mauro Baldi
33%
USA 6 Memo Gidley
33%
USA 2 Michael Greenfield
33%
Germany 2 Michael Krumm
33%
Canada 1 Michael Valiante
33%
USA 1 Nolan Siegel
33%
USA 4 Paul Jasper
33%
USA 11 Randy Lewis
33%
Brazil 13 Ricardo Sperafico
33%
Mexico 1 Roberto Gonzalez
33%
Brazil 17 Roberto Moreno
33%
Venezuela 6 Rodolfo Gonzalez
33%
Denmark 7 Ronnie Bremer
33%
Canada 24 Ross Bentley
33%
UK 1 Ryan Dalziel
33%
USA 35 Santino Ferrucci
33%
Japan 8 Takuya Kurosawa
33%
South Africa 1 Tomas Scheckter
33%
Uruguay 1 Juan Caeres
0%
No matching quizzes found
Score Distribution
Percent of People with Each Score
Percentile by Number Answered
Your Score History
You have not taken this quiz